| 000 | 00424nam a2200157 i 4500 | ||
|---|---|---|---|
| 001 | 62967 | ||
| 003 | ES-MaACL | ||
| 005 | 20230906164747.0 | ||
| 007 | t| | ||
| 008 | 031127s1967 sp ||||1| spa d | ||
| 100 | 1 |
_aFernández Noa, Gloria. _949956 |
|
| 245 | 1 | 0 |
_aMi hijo / _cGloria Fernández Noa. |
| 260 |
_aMadrid : _b[s.n.], _c1967. |
||
| 300 |
_aXII, 145 p., 1 lám. ; _c21 cm. |
||
| 852 |
_aES-MaACL _jC-31797 _bR.62115 |
||
| 999 |
_c62967 _d62967 |
||